Language Quiz

Random Language or Letter Quiz

Six Letter Word Match-Up II Quiz Stats

 Plays Quiz Updated Aug 7, 2017

Support Sporcle.
Go Orange.
Score 0/26 Timer 04:00
3 Plays Today
% Correct
AVE
85.4%
EDI
80.6%
KIC
79.8%
MAY
78.8%
JIG
76.1%
PHR
75.8%
QWE
74.5%
GLA
73.7%
ZOD
73.7%
DEL
71.6%
ORC
71.5%
LEG
71.1%
SKA
69.8%
% Correct
FLE
67.7%
WEB
67.2%
CAM
66.9%
HAZ
63.8%
YEA
62.6%
BIS
61.1%
RET
60.5%
INF
56.2%
VIE
51.3%
NIN
51.2%
TAI
50.9%
XYL
46.6%
URO
38.6%

You're not logged in!

Compare scores with friends on all Sporcle quizzes.
OR
Log In
Forgot?

From the Vault

Sung Titles: The Beatles

by wiggytitch

It's always nice when a band sings the song title in the chorus. It sure makes trivia a bit easier, anyway.
Remove Ads.
Support Sporcle.
Get the best of Sporcle when you Go Orange. This ad-free experience offers more features, more stats, and more fun while also helping to support Sporcle. Thank you for becoming a member.

Show Comments

Extras

Top Quizzes Today


Score Distribution

Your Account Isn't Verified!

In order to create a playlist on Sporcle, you need to verify the email address you used during registration. Go to your Sporcle Settings to finish the process.

Report this User

Report this user for behavior that violates our Community Guidelines.

Details: